000 00382nam a2200181Ia 4500
001 14309
003 GE_BSU
008 181216s||||||||xx |||||||||||||| ||und||
040 _cGE_BSU
080 _a821.111-3
245 _aVintage wodehouse
260 _aLondon
260 _bPenguin Books
260 _c1977
300 _a405p.18cm.
653 _aVintage wodehouse
942 _cBK
999 _c47447
_d47447